[Event "Let's Play Chess!"]
[Site "http://www.queenalice.com/game.php?id=903582"]
[Date "2011.2.22"]
[Round "-"]
[White "Blackangel"]
[Black "telmo"]
[Result "0-1"]
[WhiteElo "2035"]
[BlackElo "1962"]

1. e4 c5 2. Nf3 d6 3. Nc3 Nf6 4. d4 cxd4 5. Nxd4 g6 6. f3 Bg7 7. Be3 O-O 8. Qd2
Nc6 9. O-O-O d5 10. exd5 Nxd5 11. Ndb5 Nxe3 12. Qxe3 Qa5 13. Bc4 a6 14. Nd4 Qc5
15. Rhe1 Nxd4 16. Bb3 Nxb3+ 17. cxb3 Qxe3+ 18. Rxe3 Bh6 19. Re1 Be6 20. Kb1 Bxe3
21. Rxe3 Rfd8 22. g4 Rd7 23. Ne4 Rc8 0-1

[Event "AUTO-MASTER-1383"]
[Site "http://www.queenalice.com/game.php?id=922593"]
[Date "2011.4.6"]
[Round "1"]
[White "trompmaster"]
[Black "telmo"]
[Result "1-0"]
[WhiteElo "2202"]
[BlackElo "2026"]

1. d4 Nf6 2. Nc3 d5 3. Bg5 c5 4. Bxf6 exf6 5. e3 Nc6 6. Nge2 Be6 7. g3 cxd4 8.
exd4 Qb6 9. Rb1 Bb4 10. Bg2 O-O 11. O-O Qd8 12. a3 Bxc3 13. Nxc3 Rc8 14. Qd2 Qd7
15. Nd1 Bh3 16. Ne3 Bxg2 17. Nxg2 Rfe8 18. f3 Re7 19. Rbe1 Rce8 20. Rxe7 Rxe7
21. Re1 Rxe1+ 22. Nxe1 Qd8 23. Ng2 Qb6 24. c3 h6 25. Ne3 Ne7 26. Qc2 Qe6 27. Qd3
Qb6 28. Qc2 Qe6 29. Qd3 Qb6 30. Qe2 Qe6 31. Kf2 Qh3 32. Ng2 Qe6 33. Qb5 Qc6 34.
Qa5 Nf5 35. Nf4 Nd6 36. Nxd5 Kh7 37. Nb4 Qc4 38. Qd8 a5 39. Qxd6 axb4 40. Qxb4
Qd3 41. Qe7 1-0

[Event "AUTO-MASTER-1383"]
[Site "http://www.queenalice.com/game.php?id=922594"]
[Date "2011.4.6"]
[Round "1"]
[White "telmo"]
[Black "trompmaster"]
[Result "1-0"]
[WhiteElo "2048"]
[BlackElo "2237"]

1. e4 d6 2. d4 Nf6 3. Nc3 Nbd7 4. Nf3 e5 5. Bc4 Be7 6. O-O O-O 7. a4 c6 8. Re1
Rb8 9. h3 b6 10. Qe2 Qc7 11. Bg5 Re8 12. d5 c5 13. Ba6 Bxa6 14. Qxa6 Qb7 15.
Qxb7 Rxb7 16. Nd2 a6 17. Nc4 Kf8 18. f4 h6 19. Bxf6 gxf6 20. f5 Kg7 21. Ra3 Reb8
22. Rb3 Kf8 23. Ra1 Ke8 24. Ne2 Bf8 25. Ng3 Kd8 26. Nh5 Kc7 27. Rg3 a5 28. Raa3
Kd8 29. Rab3 Ke7 30. Rb5 Rc7 31. Rgb3 Ra7 32. Nxb6 Nxb6 33. Rxb6 Rd8 34. R3b5
Rdd7 35. Kh2 Rdc7 36. Kg3 Rd7 37. Kf3 Rdc7 38. Ke2 Rd7 39. Kd3 Rdc7 40. Kc4 Rd7
41. Rb8 Rdc7 42. R5b6 Rd7 43. Rc6 Rd8 44. Rcb6 Rdd7 45. Kb5 Rdc7 46. Rc6 Rcb7+
47. Rxb7+ Rxb7+ 48. Rb6 Ra7 49. Rb8 c4 50. Kc6 Ra6+ 51. Kb7 1-0

[Event "AUTO-MASTER-1383"]
[Site "http://www.queenalice.com/game.php?id=922605"]
[Date "2011.4.6"]
[Round "1"]
[White "carlospianist"]
[Black "telmo"]
[Result "0-1"]
[WhiteElo "2141"]
[BlackElo "2005"]

1. d4 Nf6 2. c4 e6 3. Nc3 Bb4 4. Qc2 d5 5. a3 Bxc3+ 6. Qxc3 dxc4 7. Qxc4 b6 8.
Bg5 Ba6 9. Qa4+ Qd7 10. Qxd7+ Nbxd7 11. Nf3 Ne4 12. Bf4 c5 13. e3 Bxf1 14. Rxf1
cxd4 15. Nxd4 e5 16. f3 Nec5 17. b4 Nd3+ 18. Kd2 Nxf4 19. exf4 exd4 20. Rfe1+
Kd8 21. Kd3 Rc8 22. Kxd4 Rc2 23. Rac1 Rxc1 24. Rxc1 Re8 25. Rc2 Re6 26. g4 Rd6+
27. Ke4 Nf6+ 28. Ke3 Kd7 29. g5 Nd5+ 30. Ke4 f5+ 31. Ke5 Ne7 32. Rc3 Rd5# 0-1

[Event "AUTO-MASTER-1383"]
[Site "http://www.queenalice.com/game.php?id=922606"]
[Date "2011.4.6"]
[Round "1"]
[White "telmo"]
[Black "carlospianist"]
[Result "1-0"]
[WhiteElo "2017"]
[BlackElo "2127"]

1. e4 c5 2. Nf3 Nc6 3. d4 cxd4 4. Nxd4 Qc7 5. Nc3 e6 6. Be3 a6 7. f3 Bb4 8. Nxc6
Qxc6 9. Qd4 Bxc3+ 10. bxc3 Nf6 11. Bg5 d5 12. Bxf6 gxf6 13. Qxf6 Rg8 14. O-O-O
Qc5 15. Qd4 Qa3+ 16. Kb1 Bd7 17. exd5 O-O-O 18. Bc4 Bc6 19. d6 Rxg2 20. Bb3 Bxf3
21. d7+ Kb8 22. Qf4+ Ka8 23. Qxf3 Rgg8 24. Qxf7 a5 25. Qxe6 a4 26. Qxg8 axb3 27.
Qxd8+ Ka7 28. axb3 1-0

[Event "AUTO-MASTER-1383"]
[Site "http://www.queenalice.com/game.php?id=922613"]
[Date "2011.4.6"]
[Round "1"]
[White "telmo"]
[Black "limaosiciliano"]
[Result "1-0"]
[WhiteElo "1981"]
[BlackElo "2180"]

1. e4 e5 2. Nf3 Nc6 3. Bb5 a6 4. Ba4 Nf6 5. O-O b5 6. Bb3 Be7 7. Re1 d6 8. c3
Bg4 9. d3 Na5 10. Bc2 c5 11. Nbd2 O-O 12. h3 Bd7 13. Nf1 Ne8 14. d4 Qc7 15. Ne3
g6 16. Nd5 Qd8 17. dxe5 dxe5 18. Nxe7+ Qxe7 19. Bg5 f6 20. Qd5+ Qe6 21. Qxa8
fxg5 22. Nxg5 Qf6 23. Qd5+ 1-0

[Event "AUTO-MASTER-1383"]
[Site "http://www.queenalice.com/game.php?id=922614"]
[Date "2011.4.6"]
[Round "1"]
[White "limaosiciliano"]
[Black "telmo"]
[Result "0-1"]
[WhiteElo "1918"]
[BlackElo "2037"]

1. e4 e5 2. Nf3 Nf6 3. Nxe5 d6 4. Nf3 Nxe4 5. d4 d5 6. Bd3 Nc6 7. O-O Be7 8. Re1
Bg4 9. h3 Bxf3 10. gxf3 Nf6 11. Bf4 Nxd4 12. c3 Ne6 13. Bg3 O-O 14. Nd2 Nh5 15.
Qc2 g6 16. Bh2 Qd7 17. Bf1 Rfe8 18. Rad1 Qc6 19. Nb3 Rad8 20. Nd4 Nxd4 21. Rxd4
Bd6 22. Rxe8+ Rxe8 23. Qd2 Bxh2+ 24. Kxh2 Re5 25. c4 Qd6 26. Kg1 c6 27. cxd5
Rxd5 28. Rxd5 Qxd5 29. Qe3 c5 30. b3 Ng7 31. Bc4 Qd6 32. Qe4 Qc7 33. Qd5 Nf5 34.
a4 b6 35. Qa8+ Kg7 36. Qe4 Qe7 37. Kf1 Qxe4 38. fxe4 Nd6 39. Bd5 g5 40. Ke2 Kf6
0-1

[Event "AUTO-MASTER-1383"]
[Site "http://www.queenalice.com/game.php?id=970574"]
[Date "2011.8.9"]
[Round "2"]
[White "BeHappy"]
[Black "telmo"]
[Result "1-0"]
[WhiteElo "2239"]
[BlackElo "2066"]

1. d4 Nf6 2. c4 e6 3. Nf3 b6 4. g3 Ba6 5. Qc2 Bb7 6. Bg2 c5 7. e3 Nc6 8. a3 Be7
9. O-O O-O 10. Nc3 Rc8 11. d5 Na5 12. Nd2 exd5 13. Nxd5 Bxd5 14. cxd5 d6 15. Nc4
b5 16. Nxa5 Qxa5 17. Bd2 Qb6 18. Rac1 a5 19. a4 b4 20. Qc4 Nd7 21. f4 Ra8 22.
Bh3 Qb7 23. Bxd7 Qxd7 24. b3 Bf6 25. Kg2 Rfe8 26. Qd3 Qe7 27. Rc4 Qd7 28. h3 g6
29. g4 Bg7 30. f5 Qe7 31. Rf3 Qe5 32. e4 Qb2 33. Rf2 Qa1 34. Bf4 Rad8 35. Re2
Bd4 36. Rc1 Qa3 37. Qb1 c4 38. Rxc4 Qa1 39. Qf1 Qxf1+ 40. Kxf1 Be5 41. Be3 Rb8
42. Kg2 Rb7 43. Kf3 Kg7 44. g5 Rd8 45. Rec2 Kf8 46. f6 Bc3 47. Bf4 Rb6 48. Be3
Ra6 49. Bd4 Bxd4 50. Rxd4 Ke8 51. Rdc4 Rd7 52. Rc8+ Rd8 53. R2c7 Ra8 54. Re7+
Kf8 55. Rcc7 1-0

[Event "AUTO-MASTER-1383"]
[Site "http://www.queenalice.com/game.php?id=970575"]
[Date "2011.8.9"]
[Round "2"]
[White "telmo"]
[Black "BeHappy"]
[Result "0-1"]
[WhiteElo "2080"]
[BlackElo "2142"]

1. e4 e5 2. Nf3 Nc6 3. Bb5 a6 4. Ba4 Nf6 5. O-O b5 6. Bb3 Be7 7. Re1 O-O 8. c3
d5 9. exd5 Nxd5 10. Nxe5 Nxe5 11. Rxe5 c6 12. d4 Bd6 13. Re1 Qh4 14. g3 Qh3 15.
Be3 Bg4 16. Qd3 f5 17. f4 Rae8 18. Nd2 g5 19. Qf1 gxf4 20. Bxf4 Bxf4 21. Qxf4
Be2 22. Qd6 f4 23. Qxc6 Kh8 24. Qxd5 f3 0-1

[Event "Challenge"]
[Site "http://www.queenalice.com/game.php?id=989656"]
[Date "2011.9.25"]
[Round "-"]
[White "Magia1"]
[Black "telmo"]
[Result "0-1"]
[WhiteElo "1902"]
[BlackElo "2057"]

1. d4 d5 2. e3 Nf6 3. Nc3 e6 4. Nb5 c5 5. dxc5 Bxc5 6. Qd3 Nc6 7. Bd2 O-O 8.
O-O-O Ne4 9. Qe2 a6 10. Nc3 Nxd2 11. Qxd2 b5 12. Nh3 Qa5 13. Ng5 Ne5 14. f4 Nc4
15. Qd3 g6 16. h4 Bxe3+ 17. Kb1 Qb4 18. b3 Bxf4 19. Qd4 Be5 20. Qxe5 Nxe5 21.
Ne2 h6 22. Nf3 Nxf3 23. gxf3 Bb7 24. h5 Kg7 25. hxg6 fxg6 26. Bh3 e5 27. Bg2 d4
28. Rh4 g5 29. Rh2 Rac8 30. Rc1 Qd2 31. Ng1 d3 32. c4 bxc4 33. bxc4 Bxf3 34.
Nxf3 Rb8+ 35. Ka1 Qb2# 0-1

[Event "Jogo 1"]
[Site "http://www.queenalice.com/game.php?id=1017900"]
[Date "2012.1.30"]
[Round "-"]
[White "ricma"]
[Black "telmo"]
[Result "0-1"]
[WhiteElo "2112"]
[BlackElo "2067"]

1. e4 c5 2. Nf3 d6 3. d3 Nf6 4. g3 g6 5. Bg2 Bg7 6. O-O O-O 7. Nbd2 Nc6 8. c3 e5
9. a3 h6 10. b4 b6 11. Rb1 Be6 12. Re1 d5 13. Bb2 d4 14. cxd4 exd4 15. bxc5 bxc5
16. Nb3 Nd7 17. Nfd2 a5 18. Qc2 Qe7 19. Rec1 Nce5 20. Nf3 c4 21. Nbxd4 cxd3 22.
Qd1 Bg4 23. h3 Nxf3+ 24. Bxf3 Bxf3 25. Qxf3 Ne5 26. Qe3 Rfc8 27. Rxc8+ Rxc8 28.
Rc1 Rb8 29. Qd2 Rxb2 30. Qxb2 Nf3+ 31. Kg2 Nxd4 32. Rc8+ Kh7 33. Ra8 Qxe4+ 0-1

[Event "AUTO-MASTER-1645"]
[Site "http://www.queenalice.com/game.php?id=1056434"]
[Date "2012.5.5"]
[Round "1"]
[White "telmo"]
[Black "secretguy"]
[Result "1-0"]
[WhiteElo "2134"]
[BlackElo "2088"]

1. d4 d5 2. c4 e6 3. Nc3 Nf6 4. Bg5 Be7 5. e3 O-O 6. Nf3 c6 7. Qc2 Nbd7 8. Rd1
h6 9. Bh4 b6 10. cxd5 exd5 11. Bd3 Bb7 12. O-O c5 13. Bf5 c4 14. Ne5 g5 15. Bg3
a6 16. f4 g4 17. Nxg4 Kg7 18. Ne5 Ra7 19. e4 b5 20. Nxd5 Nxd5 21. exd5 Nf6 22.
Nc6 Bxc6 23. dxc6 Qd5 24. Kh1 Qxc6 25. d5 Nxd5 26. Qe4 Rd8 27. Qd4+ Kg8 28. Qxa7
Bc5 29. Rxd5 Qxd5 30. Qc7 Qd1 31. Re1 Bb4 32. Rg1 Qd6 33. Qxd6 Rxd6 34. h3 Rd2
35. Rb1 Rd4 36. Bg4 Bd6 37. Rd1 Bc5 38. Rxd4 Bxd4 39. b3 cxb3 40. axb3 Kf8 41.
Be1 Bb6 42. b4 Ke7 43. Bc8 Kd6 44. Bxa6 Kc6 45. g3 Bd4 46. Kg2 Bf6 47. Kf3 Be7
48. Ke4 Kb6 49. Bc8 Kc6 50. Bc3 Bd6 51. Bg4 Be7 52. Bh5 f6 53. Kf5 Kd5 54. Bf7+
Kc6 55. Be8+ Kb6 56. Ke6 1-0

[Event "AUTO-MASTER-1645"]
[Site "http://www.queenalice.com/game.php?id=1056435"]
[Date "2012.5.5"]
[Round "1"]
[White "secretguy"]
[Black "telmo"]
[Result "0-1"]
[WhiteElo "2265"]
[BlackElo "2118"]

1. d4 Nf6 2. c4 e6 3. f4 d5 4. e3 c5 5. Nf3 Nc6 6. Nc3 Bd6 7. Be2 O-O 8. O-O
dxc4 9. Bxc4 b6 10. b3 Bb7 11. Bb2 cxd4 12. exd4 Bxf4 13. Bc1 Bxc1 14. Rxc1 Rc8
15. Kh1 Qd6 16. d5 exd5 17. Nxd5 Nxd5 18. Qxd5 Qxd5 19. Bxd5 Na5 20. Bxb7 Nxb7
21. b4 Nd6 22. Nd4 Rxc1 23. Rxc1 Rc8 24. Rd1 Kf8 25. Kg1 g6 26. Rd3 Rc4 27. a3
Ne4 28. Kf1 f5 29. Ke2 Kf7 30. Ke3 a6 31. g4 Kf6 32. gxf5 gxf5 33. Ne2 Ke5 34.
Rd7 Ng5 35. Rg7 h6 36. Re7+ Kd6 37. Ra7 f4+ 38. Kd3 Re4 39. Nd4 Re3+ 40. Kc2 Kd5
41. Rd7+ Ke4 42. h4 Nf3 43. Nxf3 Kxf3 44. Rd6 Rxa3 45. Rxh6 Ke2 46. Re6+ Re3 47.
Rxb6 f3 48. Rxa6 f2 49. Ra1 f1=Q 50. Rxf1 Kxf1 51. h5 Rh3 52. h6 Ke2 53. h7 Rxh7
54. Kc3 Rh4 55. Kb3 Kd3 56. Ka4 Kc3 57. Ka5 Rxb4 58. Ka6 Rb2 59. Ka5 Kc4 0-1

[Event "AUTO-MASTER-1645"]
[Site "http://www.queenalice.com/game.php?id=1056436"]
[Date "2012.5.5"]
[Round "1"]
[White "telmo"]
[Black "barrai"]
[Result "1-0"]
[WhiteElo "2085"]
[BlackElo "1998"]

1. d4 d5 2. c4 Nf6 3. cxd5 Nxd5 4. e4 Nb6 5. Nc3 g6 6. Be3 Bg7 7. Be2 O-O 8. h3
e6 9. Nf3 c6 10. O-O N8d7 11. Qd2 Nf6 12. Bh6 Re8 13. Bxg7 Kxg7 14. Rad1 Nbd7
15. e5 Nd5 16. Ne4 b5 17. Nd6 Rf8 18. Rc1 Qb6 19. h4 h5 20. Ng5 a6 21. a3 c5 22.
Bf3 c4 23. Bxd5 exd5 24. Qf4 Qa7 25. Ngxf7 Nxe5 26. Qh6+ Kf6 27. dxe5+ Ke7 28.
Qg7 Be6 29. Ng5+ Rf7 30. Ngxf7 1-0

[Event "AUTO-MASTER-1645"]
[Site "http://www.queenalice.com/game.php?id=1056437"]
[Date "2012.5.5"]
[Round "1"]
[White "barrai"]
[Black "telmo"]
[Result "0-1"]
[WhiteElo "1835"]
[BlackElo "2108"]

1. e4 c5 2. Bc4 e6 3. a4 d5 4. exd5 exd5 5. Ba2 Nc6 6. h3 Nf6 7. d3 Be7 8. Nf3
O-O 9. O-O Bf5 10. Nc3 Qd7 11. Bf4 a6 12. Re1 Rfe8 13. Be5 Nxe5 14. Nxe5 Qd8 15.
Qf3 Be6 16. d4 cxd4 17. Ne2 Qb6 18. Rab1 Bd6 19. Nd3 Rac8 20. Rec1 Ne4 21. Qh5
g6 22. Qh6 Bf8 23. Qf4 Bg7 24. f3 Nf6 25. g4 Bxg4 26. Kf2 Bf5 27. Ng1 Bxd3 28.
cxd3 Rxc1 29. Qxc1 Re3 30. Qd2 Qc7 31. Kg2 Nh5 32. Ne2 Rxe2+ 33. Qxe2 Nf4+ 34.
Kf1 Nxe2 0-1

[Event "AUTO-MASTER-1645"]
[Site "http://www.queenalice.com/game.php?id=1056438"]
[Date "2012.5.5"]
[Round "1"]
[White "telmo"]
[Black "Tauro"]
[Result "1-0"]
[WhiteElo "2112"]
[BlackElo "1896"]

1. e4 e5 2. Nf3 Nc6 3. Bb5 a6 4. Ba4 Nf6 5. O-O b5 6. Bb3 Bc5 7. c3 Nxe4 8. Qe2
d5 9. d3 Nxf2 10. Rxf2 Bxf2+ 11. Qxf2 O-O 12. Qc5 Ne7 13. Nxe5 Bb7 14. Nd2 f6
15. Nef3 c6 16. Ne4 Nf5 17. g4 Ne7 18. Qd6 Qxd6 19. Nxd6 Bc8 20. h3 Bd7 21. d4
Nc8 22. Nb7 Nb6 23. Nc5 Rae8 24. Kf2 Re7 25. Bf4 Rfe8 26. Re1 Rxe1 27. Nxe1 Bc8
28. Bc2 Nc4 29. b3 Nb6 30. Bf5 Bxf5 31. gxf5 a5 32. Bc7 Nc8 33. Nc2 g6 34. Ne3
Kg7 35. Bxa5 gxf5 36. Nxf5+ Kg6 37. Ne3 Nd6 38. Bc7 Ne4+ 39. Nxe4 Rxe4 40. a4
bxa4 41. bxa4 Kg5 42. a5 Re8 43. Nc2 1-0

[Event "AUTO-MASTER-1645"]
[Site "http://www.queenalice.com/game.php?id=1056439"]
[Date "2012.5.5"]
[Round "1"]
[White "Tauro"]
[Black "telmo"]
[Result "0-1"]
[WhiteElo "2034"]
[BlackElo "2098"]

1. e4 c5 2. Nf3 d6 3. d4 cxd4 4. Nxd4 Nf6 5. Nc3 g6 6. Bg5 Bg7 7. Bd3 Nc6 8. Nf3
O-O 9. Qd2 Bg4 10. Qe3 Qb6 11. Qxb6 axb6 12. Nd2 Be6 13. O-O h6 14. Bf4 Nb4 15.
Be3 Nd7 16. a3 Nc6 17. Nc4 Nd4 18. Rab1 Rfc8 19. Nd2 Nc6 20. Nb5 Nce5 21. Be2
Rxc2 22. Nd4 Rxd2 23. Bxd2 Nc4 24. Bxc4 Bxc4 25. Rfc1 Bd3 26. Nc2 Nc5 27. b4
Nxe4 28. Be3 Nc3 29. Ne1 Bxb1 0-1

[Event "8"]
[Site "http://www.queenalice.com/game.php?id=1140886"]
[Date "2013.1.15"]
[Round "-"]
[White "Kir"]
[Black "telmo"]
[Result "1/2-1/2"]
[WhiteElo "2297"]
[BlackElo "2161"]

1. e4 c5 2. Nf3 d6 3. Nc3 Nf6 4. d4 cxd4 5. Nxd4 g6 6. Bb5+ Bd7 7. O-O Bg7 8.
Bxd7+ Qxd7 9. f3 Nc6 10. Be3 O-O 11. Nd5 Rac8 12. c3 Nxd5 13. exd5 Ne5 14. Qe2
Nc4 15. b3 Nxe3 16. Qxe3 Rfe8 17. c4 e6 18. dxe6 fxe6 19. Rad1 a6 20. Rfe1 b5
21. cxb5 axb5 22. Rd2 Qb7 23. Qd3 b4 24. Nb5 Qb6+ 25. Kh1 d5 26. Nd4 Rc3 27. Qb5
Qxb5 28. Nxb5 Rc5 29. Nd4 Kf7 30. f4 Bxd4 31. Rxd4 Rc2 32. Rxb4 Rxa2 33. h4 h5
34. Kh2 Raa8 35. Rb7+ 1/2-1/2

[Event "AUTO-MASTER-1645"]
[Site "http://www.queenalice.com/game.php?id=1162517"]
[Date "2013.3.19"]
[Round "2"]
[White "telmo"]
[Black "yamato"]
[Result "1-0"]
[WhiteElo "2165"]
[BlackElo "2264"]

1. e4 c5 2. Nf3 d6 3. d4 cxd4 4. Nxd4 Nf6 5. Nc3 a6 6. Bg5 e6 7. f4 Be7 8. Qf3
Qc7 9. O-O-O Nbd7 10. Bd3 h6 11. Bh4 g5 12. fxg5 Ne5 13. Qe2 Nfg4 14. Nf3 Nxf3
15. gxf3 hxg5 16. fxg4 gxh4 17. Rhf1 Bg5+ 18. Kb1 Bd7 19. Rf2 Rf8 20. Rdf1 Bc6
21. Nd5 Bxd5 22. exd5 e5 23. Rxf7 Rxf7 24. Bg6 Rd8 25. Rxf7 Qxf7 26. Bxf7+ Kxf7
27. Qe4 1-0

[Event "AUTO-MASTER-1645"]
[Site "http://www.queenalice.com/game.php?id=1162518"]
[Date "2013.3.19"]
[Round "2"]
[White "yamato"]
[Black "telmo"]
[Result "1/2-1/2"]
[WhiteElo "2303"]
[BlackElo "2180"]

1. Nf3 d5 2. d4 Nf6 3. c4 c6 4. Nc3 e6 5. Bg5 h6 6. Bxf6 Qxf6 7. e3 Nd7 8. Rc1
Bd6 9. Bd3 O-O 10. O-O Qe7 11. e4 dxc4 12. Bxc4 e5 13. d5 Nb6 14. Bb3 cxd5 15.
Nxd5 Nxd5 16. Bxd5 Be6 17. Bxe6 Qxe6 18. b3 Rfd8 19. Qe2 a6 20. Rfd1 Ba3 21. Rc2
Rac8 22. Rxd8+ Rxd8 23. g3 Bd6 24. Qc4 Qxc4 25. Rxc4 Kf8 26. Kf1 Ke7 27. h4 h5
28. Ke2 g6 29. Nd2 Kd7 30. Nf1 Rc8 31. Rxc8 Kxc8 32. Ne3 Kd7 33. f3 b5 34. Nd5
Bc5 35. g4 Be7 36. Nxe7 Kxe7 37. b4 Kd6 38. Ke3 Ke6 39. gxh5 gxh5 1/2-1/2